How effective is government spending in a small open economy with distortionary taxes

Saved in:
Bibliografiske detaljer
Main Authors: García, Carlos J (Author), Restrepo, Jorge E (Author)
Format: Bog
Sprog:engelsk
Udgivet: Santiago Universidad Alberto Hurtado 2007
Serier:Serie Documentos de Investigación. I-188
Fag:
Tags: Tilføj Tag
Ingen Tags, Vær først til at tagge denne postø!

MARC

LEADER 00000nam a2200000 a 4500
001 UCI4354
003 CL-VaPUC
008 080111e20070800CL |||||||||||||||||eng|d
082 0 4 |a 336.2  |b GAR  |2 21 
100 |a García, Carlos J  |e author  |9 526204 
700 0 |a Restrepo, Jorge E  |e author  |9 526193 
245 1 0 |a How effective is government spending in a small open economy with distortionary taxes 
300 |a 40 p 
942 |c BK 
945 |d 20080111 00:00:00  |a jtorresc 
260 |a Santiago  |b Universidad Alberto Hurtado  |c 2007 
650 0 |a Impuestos  |9 255450 
650 7 |a TASACION  |2 CL-VaPUC  |9 262606 
650 7 |a INGRESOS  |2 CL-VaPUC  |9 367979 
650 0 |a Valores  |9 309628 
650 0 |a Finanzas  |9 260832 
650 0 |a Comercio  |9 255341 
583 |a last modification  |c 20080111 00:00:00  |k Rodrigo Vera 
490 0 |a Serie Documentos de Investigación. I-188 
999 |c 328301  |d 328299 
952 |0 0  |1 0  |4 0  |6 336_200000000000000_GAR_2007  |7 0  |8 P  |9 412139  |a BIBGIM  |b BIBGIM  |d 2019-11-22  |i 4399722  |o 336.2 GAR 2007  |p 4399722  |r 2025-01-15  |w 2019-11-22  |y BK  |k GIM